000 00500nam a2200145Ia 4500
008 181023s9999 xx 000 0 und d
020 _a9780730336815
100 _aJohnson, Stephen Scott.
245 _cStephen Scott Johnson.--
_aEmergent :
_bignite purpose, transform culture, make change stick /
260 _aAustralia :
_bJohn Wiley & Sons
_c2017
300 _axxvii, 209 pages.
500 _aIncludes indexes.
650 _aOrganizational change -- management.
650 _aSuccess in business.
999 _c359298
_d359298